000 00253nam a2200109Ia 4500
008 220204s9999 xx 000 0 und d
082 _a82-3
_bBHA
100 _aBhaskar Rao, A
245 4 _aThe Secret
260 _aNew Delhi
_bSterling
_c1978
942 _cBK
999 _c29105
_d29105